აგრარული ნანოტექნოლოგიები : (ბიბ.ჩანაწერი № 54184)
[ მარტივი ფორმატი ]
| 000 -ლიდერი | |
|---|---|
| ფიქსირებული სიგრძის საკონტროლო ველი | 01357nam a2200265Ia 4500 |
| 001 - საკონტროლო ნომერი | |
| საკონტროლო ველი | 21240 |
| 003 - საკონტროლო ნომრის იდენტიფიკატორი | |
| საკონტროლო ველი | GE_BSU |
| 005 - ბოლო ოპერაციის თარიღი და დრო | |
| საკონტროლო ველი | 20211007122615.0 |
| 008 - ფიქსირებული სიგრძის მონაცემთა ელემენტები - ზოგადი ინფორმაცია | |
| ფიქსირებული სიგრძის საკონტროლო ველი | 181216s2015||||ge |||||||||||||| ||geo|| |
| 020 ## - წიგნის საერთაშორისო სტანდარტული ნომერი | |
| International Standard Book Number | 9785937281487 |
| 040 ## - კატალოგიზაციის წყარო | |
| Transcribing agency | GE_BSU |
| 041 ## - ენის კოდი | |
| Language code of text/sound track or separate title | geo |
| 080 ## - უნივერსალური ათობითი კლასიფიკაციის ინდექსი | |
| Universal Decimal Classification number | 63(075)+620.3 კ-77 |
| 100 ## - მთავარი ჩანაწერი - პიროვნების სახელი | |
| Personal name | კორახაშვილი, ა. (ავთანდილ) |
| 9 (RLIN) | 12607 |
| 245 ## - ცნობა სათაურის შესახებ | |
| Title | აგრარული ნანოტექნოლოგიები : |
| Remainder of title | სახელმძღვ. / |
| Statement of responsibility, etc | ა. (ავთანდილ) კორახაშვილი ; თამაზ სამხარაძისა და გივი ბასილაძის რედაქციით. |
| 264 ## - წარმოების, გამოცემის, დისტრიბუციის და სხვა ცნობები | |
| გამოცემის, წარმოების, დისტრიბუციის... ადგილი | მოსკოვი : |
| გამოცემის, წარმოების, დისტრიბუციის... სახელწოდება | ნაუჩტექლიტიზდატი, |
| გამოცემის, წარმოების, დისტრიბუციის... თარიღი | 2015. |
| 300 ## - ფიზიკური აღწერა | |
| Extent | 170 გვ. ; |
| Dimensions | 25 სმ. |
| 653 ## - INDEX TERM--UNCONTROLLED | |
| Uncontrolled term | აგრარული ნანოტექნოლოგიები |
| 653 ## - INDEX TERM--UNCONTROLLED | |
| Uncontrolled term | ნანოტექნოლოგიების გამოყენება აგრონომიაში |
| 653 ## - INDEX TERM--UNCONTROLLED | |
| Uncontrolled term | სოფლის მეურნეობა |
| 700 ## - ADDED ENTRY--PERSONAL NAME | |
| Personal name | სამხარაძე, თამაზ |
| Relator term | რედაქტორი |
| 9 (RLIN) | 12608 |
| 700 ## - ADDED ENTRY--PERSONAL NAME | |
| Personal name | ბასილაძე, გივი |
| Relator term | რედაქტორი |
| 9 (RLIN) | 12609 |
| 942 ## - ADDED ENTRY ELEMENTS (KOHA) | |
| Koha item type | წიგნი |
| Source of classification or shelving scheme | |
| ჩამოწერის სტატუსი | დაკარგული ეგზემპლარის სტატუსი | კლასიფიკაციის წყარო ან თაროზე გაწყობის სქემა | დაზიანების სტატუსი | არ გაიცემა | მუდმივი მდებარეობა (დაცვის ადგილი) | ამჟამინდელი ადგილსამყოფელი | თაროზე განთავსების ადგილი | შეძენის თარიღი | ღირებულება, შესყიდვის ნორმალური ფასი | სრული შენახვის შიფრი | შტრიხკოდი | ბოლო ოპერაციის თარიღი | ეგზემპლარის მიმდევრობითი ნომერი (კეტერი?) | ფასის ძალაში შესვლის თარიღი | ეგზემპლარის სახეობა | საჯარო შენიშვნა |
|---|---|---|---|---|---|---|---|---|---|---|---|---|---|---|---|---|
| ბათუმის შოთა რუსთაველის სახელმწიფო უნივერსიტეტის მთავარი ბიბლიოთეკა | ბათუმის შოთა რუსთაველის სახელმწიფო უნივერსიტეტის მთავარი ბიბლიოთეკა | წიგნსაცავი | 2018-12-17 | 25.00 | 63(075)+620.3 კ-77 | 55076 | 2018-12-17 | 55076 | 2018-12-17 | წიგნი | 25.00 ლ. | |||||
| ბათუმის შოთა რუსთაველის სახელმწიფო უნივერსიტეტის მთავარი ბიბლიოთეკა | ბათუმის შოთა რუსთაველის სახელმწიფო უნივერსიტეტის მთავარი ბიბლიოთეკა | წიგნსაცავი | 2018-12-17 | 25.00 | 63(075)+620.3 კ-77 | 55077 | 2018-12-17 | 55077 | 2018-12-17 | წიგნი | 25.00 ლ. | |||||
| ბათუმის შოთა რუსთაველის სახელმწიფო უნივერსიტეტის მთავარი ბიბლიოთეკა | ბათუმის შოთა რუსთაველის სახელმწიფო უნივერსიტეტის მთავარი ბიბლიოთეკა | წიგნსაცავი | 2018-12-17 | 25.00 | 63(075)+620.3 კ-77 | 55078 | 2018-12-17 | 55078 | 2018-12-17 | წიგნი | 25.00 ₾. | |||||
| ბათუმის შოთა რუსთაველის სახელმწიფო უნივერსიტეტის მთავარი ბიბლიოთეკა | ბათუმის შოთა რუსთაველის სახელმწიფო უნივერსიტეტის მთავარი ბიბლიოთეკა | წიგნსაცავი | 2018-12-17 | 25.00 | 63(075)+620.3 კ-77 | 55079 | 2018-12-17 | 55079 | 2018-12-17 | წიგნი | 25.00 ₾. | |||||
| ბათუმის შოთა რუსთაველის სახელმწიფო უნივერსიტეტის მთავარი ბიბლიოთეკა | ბათუმის შოთა რუსთაველის სახელმწიფო უნივერსიტეტის მთავარი ბიბლიოთეკა | წიგნსაცავი | 2018-12-17 | 25.00 | 63(075)+620.3 კ-77 | 55080 | 2018-12-17 | 55080 | 2018-12-17 | წიგნი | 25.00 ₾. | |||||
| ბათუმის შოთა რუსთაველის სახელმწიფო უნივერსიტეტის მთავარი ბიბლიოთეკა | ბათუმის შოთა რუსთაველის სახელმწიფო უნივერსიტეტის მთავარი ბიბლიოთეკა | წიგნსაცავი | 2018-12-17 | 25.00 | 63(075)+620.3 კ-77 | 55405 | 2018-12-17 | 55405 | 2018-12-17 | წიგნი | 25.00 ლ. |
